| Tag |
First Indicator |
Second Indicator |
Subfields |
| LEADER |
00000cam a2200000 4500 |
| 001 |
in00000082696 |
| 005 |
20151008053105.0 |
| 008 |
750109s1945 cau b 00000 eng u |
| 010 |
|
|
|a 45037344
|
| 035 |
|
|
|a (OCoLC)01135118
|
| 035 |
|
|
|9 AAH6170AM
|
| 040 |
|
|
|c YNG
|d TXA
|d UtOrBLW
|
| 049 |
|
|
|a TXAM
|c [239536]
|
| 050 |
|
0 |
|a Q161
|b .C37 1945
|
| 092 |
|
|
|a 372.35
|b C153s
|
| 110 |
1 |
|
|a California.
|b State Department of Education.
|b Committee on Science Education.
|
| 245 |
1 |
0 |
|a Science in the elementary school.
|
| 264 |
|
1 |
|a Sacramento :
|b California state Dept. of education,
|c 1945.
|
| 300 |
|
|
|a xiv, 418 pages :
|b illustrations ;
|c 24 cm.
|
| 336 |
|
|
|a text
|b txt
|2 rdacontent
|
| 337 |
|
|
|a unmediated
|b n
|2 rdamedia
|
| 338 |
|
|
|a volume
|b nc
|2 rdacarrier
|
| 500 |
|
|
|a On p. vii: Committee on science education.
|
| 504 |
|
|
|a Includes bibliographies.
|
| 650 |
|
0 |
|a Science.
|
| 999 |
|
|
|a MARS
|
| 999 |
f |
f |
|s 967dd37e-7cc2-3907-a4d9-097fbf7c3f5a
|i 69956c5b-d727-3710-aafb-8c83f681a4df
|t 0
|
| 952 |
f |
f |
|p normal
|a Texas A&M University
|b College Station
|c Sterling C. Evans Library
|d Evans: Library Stacks
|t 0
|e Q161 .C37 1945
|h Library of Congress classification
|i unmediated -- volume
|m A14800850070
|
| 998 |
f |
f |
|a Q161 .C37 1945
|t 0
|l Evans: Library Stacks
|